Municipis de la província de Castelló - Statistics

General Stats
  • This quiz has been taken 10 times
  • The average score is 55 of 136
Answers on the Map
Answers color-coded by a green-red scale on the quiz's map according to % correct below.
 
Answer Stats
Comarca Municipi % Correct
Alto Palancia Segorbe
100%
Baix Maestrat Alcalà de Xivert
75%
Plana Alta Almassora
75%
Baix Maestrat Benicarló
75%
Plana Alta Benicàssim
75%
Plana Alta Cabanes
75%
Baix Maestrat Càlig
75%
Plana Alta Castelló de la Plana
75%
Ports Cinctorres
75%
Alto Palancia El Toro
75%
Baix Maestrat La Jana
75%
Plana Baixa La Vall d'Uixó
75%
Alto Mijares Montán
75%
Alto Mijares Montanejos
75%
Ports Morella
75%
Plana Baixa Onda
75%
Baix Maestrat Peníscola
75%
Baix Maestrat Santa Magdalena de Pulpis
75%
Baix Maestrat Sant Jordi
75%
Ports Vilafranca del Cid
75%
Plana Baixa Vila-real
75%
Ports Villores
75%
Baix Maestrat Vinaròs
75%
Baix Maestrat Xert
75%
Plana Baixa Almenara
50%
Plana Baixa Alqueries
50%
Alto Palancia Altura
50%
Alt Maestrat Ares del Maestrat
50%
Plana Baixa Artana
50%
Alto Palancia Barracas
50%
Alt Maestrat Benafigos
50%
Alt Maestrat Benassal
50%
Plana Baixa Betxí
50%
Plana Baixa Borriana
50%
Plana Alta Borriol
50%
Baix Maestrat Canet lo Roig
50%
Baix Maestrat Castell de cabres
50%
Alt Maestrat Catí
50%
Alto Palancia Caudiel
50%
Baix Maestrat Cervera del Maestrat
50%
Alto Palancia Chóvar
50%
Alto Mijares Cirat
50%
Alt Maestrat Culla
50%
Ports Forcall
50%
Ports Herbers
50%
Alto Palancia Jérica
50%
Alcalatén L'Alcora
50%
Plana Baixa La Llosa
50%
Ports La Mata de Morella
50%
Baix Maestrat La Pobla de Benifassà
50%
Baix Maestrat La Salzadella
50%
Plana Baixa La Vilavella
50%
Alto Palancia Navajas
50%
Plana Baixa Nules
50%
Ports Olocau del Rei
50%
Ports Palanques
50%
Ports Portell de Morella
50%
Baix Maestrat Rossell
50%
Plana Alta Sant Joan de Moró
50%
Baix Maestrat Sant Rafel del riu
50%
Alto Palancia Soneja
50%
Ports Sorita
50%
Plana Alta Torreblanca
50%
Alt Maestrat Torre d'en Besora
50%
Baix Maestrat Traiguera
50%
Alt Maestrat Vilar de Canes
50%
Alto Mijares Villahermosa del río
50%
Alt Maestrat Vistabella del Maestrat
50%
Alto Palancia Viver
50%
Plana Baixa Xilxes
50%
Alcalatén Xodos
50%
Plana Baixa Aín
25%
Alt Maestrat Albocàsser
25%
Plana Baixa Alfondeguilla
25%
Alt Maestrat Atzeneta del Maestrat
25%
Alto Mijares Ayódar
25%
Alto Palancia Azuébar
25%
Alto Palancia Bejís
25%
Alto Palancia Benafer
25%
Plana Alta Benlloc
25%
Ports Castellfort
25%
Alto Mijares Castillo de Villamalefa
25%
Alto Mijares Cortes de Arenoso
25%
Alcalatén Costur
25%
Plana Alta Coves de Vinromà
25%
Plana Baixa Eslida
25%
Alto Mijares Espadilla
25%
Alto Mijares Fanzara
25%
Alcalatén Figueroles
25%
Alto Mijares Fuente la Reina
25%
Alto Mijares Fuentes de Ayódar
25%
Alto Palancia Geldo
25%
Alto Palancia Higueras
25%
Plana Baixa L'Alcúdia de Veo
25%
Plana Alta La Pobla Tornesa
25%
Alt Maestrat La Serratella
25%
Plana Alta La Vall d'Alba
25%
Alcalatén Les Useres
25%
Alcalatén Llucena
25%
Alto Mijares Ludiente
25%
Alto Palancia Matet
25%
Plana Baixa Moncofa
25%
Plana Alta Orpesa
25%
Alto Palancia Pavías
25%
Alto Mijares Puebla de Arenoso
25%
Plana Baixa Ribesalbes
25%
Alto Palancia Sacañet
25%
Baix Maestrat Sant Mateu
25%
Plana Alta Serra d'en Galceran
25%
Alto Palancia Sot de Ferrer
25%
Plana Baixa Suera
25%
Plana Baixa Tales
25%
Alto Palancia Teresa
25%
Alt Maestrat Tírig
25%
Ports Todolella
25%
Alto Mijares Toga
25%
Alto Palancia Torás
25%
Alto Mijares Torralba del Pinar
25%
Plana Alta Torre d'en Domènec
25%
Alto Mijares Vallat
25%
Ports Vallibona
25%
Plana Alta Vilafamés
25%
Plana Alta Vilanova d'Alcolea
25%
Alto Mijares Villamalur
25%
Alto Mijares Zucaina
25%
Alto Palancia Algimia de Almonacid
0%
Alto Palancia Almedíjar
0%
Alto Mijares Arañuel
0%
Alto Mijares Argelita
0%
Alto Palancia Castellnovo
0%
Plana Alta Columbretes
0%
Alto Palancia Gaibiel
0%
Alto Palancia Pina de Montalgrao
0%
Alto Mijares Torrechiva
0%
Alto Palancia Vall de Almonacid
0%
Alto Mijares Villanueva de Viver
0%
No matching quizzes found
Score Distribution
Percent of People with Each Score
Percentile by Number Answered
Your Score History
You have not taken this quiz